House price growth slows in June (Record no. 117633)
[ view plain ]
| 000 -LEADER | |
|---|---|
| fixed length control field | 01176cam a2200229 4500 |
| 001 - CONTROL NUMBER | |
| control field | WB4025-13 |
| 008 - FIXED-LENGTH DATA ELEMENTS--GENERAL INFORMATION | |
| fixed length control field | 040701n2004 000 0 eng u |
| 035 ## - SYSTEM CONTROL NUMBER | |
| System control number | (Sirsi) u126666 |
| 245 ## - TITLE STATEMENT | |
| Title | House price growth slows in June |
| 260 ## - PUBLICATION, DISTRIBUTION, ETC. | |
| Date of publication, distribution, etc. | 2004 |
| 490 ## - SERIES STATEMENT | |
| Series statement | Nationwide Press Release |
| Volume/sequential designation | 29 June 2004 (15) |
| 520 ## - SUMMARY, ETC. | |
| Summary, etc. | According to the latest "Nationwide monthly review" the growth in house prices has eased off during June, with the average price increasing by 0.9% to £151524. House price growth across the country is now more even - the pick up in London partly reflects an improving jobs market. At the top end of the price growth table are northern England and Wales with prices in both regions increasing by a third over the last 12 months. The forecast for house price inflation in the 12 months to December 2004 remains at 15%. http://www.nationwide.co.uk/hpi/quarterly/quarterl y.htm |
| 590 ## - LOCAL NOTE (RLIN) | |
| Local note | WB |
| 590 ## - LOCAL NOTE (RLIN) | |
| Local note | WB |
| 650 ## - SUBJECT ADDED ENTRY--TOPICAL TERM | |
| Topical term or geographic name entry element | NATIONWIDE BUILDING SOCIETY |
| 650 ## - SUBJECT ADDED ENTRY--TOPICAL TERM | |
| Topical term or geographic name entry element | HOUSE PRICE SURVEYS |
| 650 ## - SUBJECT ADDED ENTRY--TOPICAL TERM | |
| Topical term or geographic name entry element | HOUSING MARKET FORECASTS |
| 650 ## - SUBJECT ADDED ENTRY--TOPICAL TERM | |
| Topical term or geographic name entry element | HOUSING MARKET SURVEYS |
| 650 ## - SUBJECT ADDED ENTRY--TOPICAL TERM | |
| Topical term or geographic name entry element | HOUSE PRICE INFLATION |
| 690 ## - LOCAL SUBJECT ADDED ENTRY--TOPICAL TERM (OCLC, RLIN) | |
| Topical term or geographic name as entry element | HOUSING-HOUSE PRICES |
| 942 ## - ADDED ENTRY ELEMENTS (KOHA) | |
| Suppress in OPAC | 0 |
| Withdrawn status | Lost status | Source of classification or shelving scheme | Damaged status | Not for loan | Home library | Current library | Shelving location | Date acquired | Total Checkouts | Full call number | Barcode | Date last seen | Copy number | Price effective from | Koha item type |
|---|---|---|---|---|---|---|---|---|---|---|---|---|---|---|---|
| Dewey Decimal Classification | London | London | News article | 01/07/2004 | WB4025-13 | 126666-1001 | 06/08/2019 | 1 | 06/08/2019 | News article |